=LDR 00000nam 2200000 4500 =001 INLIS000000000044685 =005 20141030112536.0 =006 =007 =008 Ind =035 ##$$a 0010-101300000002607 =041 ##$$a Ind =082 ##$$a 813 =090 ##$$a 813, Pan a.2 =245 ##$$a angkot cinta =260 ##$$a 2010 $b Jakarta =300 ##$$a 179 hlm, 20 cm =850 ##$$a NBPNMAT